| 000 | 00577nam a2200193 i 4500 | ||
|---|---|---|---|
| 001 | 40078 | ||
| 003 | ES-MaACL | ||
| 005 | 20230906160135.0 | ||
| 007 | t| | ||
| 008 | 030305s1907 fr ||||1| fre d | ||
| 100 | 1 |
_aCanudo, Ricciotto. _934703 |
|
| 245 | 1 | 3 |
_aLe livre de l'evolution _b: l'homme / _cRicciotto Canudo. |
| 260 |
_aParis : _b[s.n., _c1907] ( _fE. Sausoz) |
||
| 300 |
_a326 p. ; _c19 cm. |
||
| 490 | 1 | _aPsychologie musicale des civilisations | |
| 830 | 0 |
_aPsychologie musicale des civilisations _9229727 |
|
| 852 |
_aES-MaACL _jD-434 |
||
| 999 |
_c40078 _d40078 |
||